000 01863cad a22002775a 4500
001 L139872
008 070816s2007 xxk f 000 0 eng d
035 _a(Sirsi) u139872
041 0 _aeng
050 0 4 _a333.333 $2 18
110 2 _aRoyal Institution of Chartered Surveyors
_bResidential Property Faculty
_94304
245 0 0 _aYour pathway to qualifying in residential property practice (including lettings and management and estate agency)
_bAssessment of Professional Competence
_bAssessment of Technical Competence
_h[electronic resource]
260 _aLondon
_bRICS
_c2006
520 _aSupports the core 2006 APC and ATC documentation. Designed to help students understand more about qualifying as an RICS member in residential residential property practice. Contains information on this area of practice with a general overview of the residential survey and valuation pathways. Lists the competency requirements of the APC and ATC pathways as set out in the July 2006 guide. Describes the main technical competencies and provides expanded sector specific guidance on each of them. The guide is based on UK market practice and may be unsuitable for candidates based in other countries.
590 _aKA
650 2 4 _aATC
650 2 4 _aAPC COMPETENCIES
651 4 _aUnited Kingdom
_y
690 _aCAREERS, EDUCATION AND TRAINING-QUALIFICATION ROUTES-ASSESSMENT OF PROFESSIONAL COMPETENCE
690 _aCAREERS, EDUCATION AND TRAINING-QUALIFICATION ROUTES
690 _aCAREERS, EDUCATION AND TRAINING-QUALIFICATION ROUTES-ASSESSMENT OF PROFESSIONAL COMPETENCE
690 _aPROPERTY-RESIDENTIAL PROPERTY-RESIDENTIAL PROPERTY MANAGEMENT
690 _aPROPERTY-PROPERTY APPRAISAL AND VALUATION
856 4 0 _uhttps://www.isurv.com/site/download_feed.aspx?fileID=698&fileExtension=PDF
_zView the item free of charge at www.rics.org
942 _n0
999 _c107369
_d107369